[Event "Praha"]
[Site "?"]
[Date "2023.01.10"]
[Round "6.2"]
[White "Baumegger, Siegfried"]
[Black "Neuman, Petr"]
[Result "1/2-1/2"]
[BlackElo "2393"]
[WhiteElo "2439"]
[LiveChessVersion "1.4.8"]

1. d4 {[%clk 1:30:56]} d5 {[%clk 1:28:33]} 2. c4 {[%clk 1:31:15]} c6
{[%clk 1:28:51]} 3. Nf3 {[%clk 1:31:33]} Nf6 {[%clk 1:29:17]} 4. Nc3
{[%clk 1:31:52]} a6 {[%clk 1:29:36]} 5. cxd5 {[%clk 1:31:48]} cxd5
{[%clk 1:29:57]} 6. Bf4 {[%clk 1:32:11]} Nc6 {[%clk 1:30:16]} 7. Ne5
{[%clk 1:31:44]} e6 {[%clk 1:29:33]} 8. e3 {[%clk 1:31:46]} Nxe5 {[%clk 1:28:20]}
9. Bxe5 {[%clk 1:31:58]} Bd6 {[%clk 1:26:25]} 10. Bd3 {[%clk 1:29:02]} b5
{[%clk 1:15:18]} 11. O-O {[%clk 1:25:19]} Bb7 {[%clk 1:14:33]} 12. Rc1
{[%clk 1:02:08]} O-O {[%clk 1:13:37]} 13. Qf3 {[%clk 0:50:17]} Rc8
{[%clk 1:06:38]} 1/2-1/2

[Event "Praha"]
[Site "?"]
[Date "2023.01.10"]
[Round "6.3"]
[White "Mitusov, Semen"]
[Black "Zvolensky, David"]
[Result "1/2-1/2"]
[BlackElo "2204"]
[WhiteElo "2397"]
[LiveChessVersion "1.4.8"]

1. e4 {[%clk 1:29:50]} e5 {[%clk 1:30:57]} 2. Nf3 {[%clk 1:29:09]} Nc6
{[%clk 1:31:19]} 3. d4 {[%clk 1:29:04]} exd4 {[%clk 1:31:42]} 4. Bc4
{[%clk 1:29:30]} Nf6 {[%clk 1:31:55]} 5. e5 {[%clk 1:29:46]} d5 {[%clk 1:32:13]}
6. Bb5 {[%clk 1:30:10]} Ne4 {[%clk 1:32:30]} 7. Nxd4 {[%clk 1:29:43]} Bc5
{[%clk 1:32:35]} 8. Be3 {[%clk 1:29:42]} O-O {[%clk 1:32:56]} 9. Nxc6
{[%clk 1:29:40]} bxc6 {[%clk 1:33:16]} 10. Bxc5 {[%clk 1:30:05]} Nxc5
{[%clk 1:33:42]} 11. Bxc6 {[%clk 1:30:30]} Rb8 {[%clk 1:34:06]} 12. Qxd5
{[%clk 1:30:52]} Qe7 {[%clk 1:34:32]} 13. O-O {[%clk 1:30:10]} Rxb2
{[%clk 1:32:33]} 14. Qd4 {[%clk 1:28:41]} Rb6 {[%clk 1:22:48]} 15. Bf3
{[%clk 1:19:52]} Rd8 {[%clk 1:11:06]} 16. Qc3 {[%clk 1:05:23]} Re6
{[%clk 1:04:10]} 17. Re1 {[%clk 1:01:05]} Re8 {[%clk 1:03:36]} 18. Nd2
{[%clk 0:53:41]} Rxe5 {[%clk 1:02:12]} 19. Rxe5 {[%clk 0:53:43]} Qxe5
{[%clk 1:02:34]} 20. Qxe5 {[%clk 0:54:07]} Rxe5 {[%clk 1:02:35]} 21. Rb1
{[%clk 0:54:18]} Re8 {[%clk 1:01:47]} 22. h3 {[%clk 0:52:51]} g6 {[%clk 0:48:23]}
23. Rb5 {[%clk 0:49:41]} Nd7 {[%clk 0:44:12]} 24. Ra5 {[%clk 0:40:10]} Re1+
{[%clk 0:43:08]} 25. Kh2 {[%clk 0:40:35]} a6 {[%clk 0:43:35]} 26. Nb3
{[%clk 0:38:46]} Re5 {[%clk 0:43:15]} 27. Ra4 {[%clk 0:32:21]} Nb6
{[%clk 0:42:54]} 28. Rd4 {[%clk 0:32:33]} a5 {[%clk 0:41:04]} 29. a3
{[%clk 0:28:31]} Kg7 {[%clk 0:39:39]} 30. Nd2 {[%clk 0:26:51]} Be6
{[%clk 0:36:44]} 31. Be4 {[%clk 0:24:37]} Rc5 {[%clk 0:29:39]} 32. Bd3
{[%clk 0:24:23]} Rd5 {[%clk 0:28:57]} 1/2-1/2

[Event "Praha"]
[Site "?"]
[Date "2023.01.10"]
[Round "6.4"]
[White "Carlsson, Ludvig"]
[Black "Jun, Rudolf"]
[Result "1-0"]
[BlackElo "2177"]
[WhiteElo "2349"]
[LiveChessVersion "1.4.8"]

1. e4 {[%clk 1:30:49]} c5 {[%clk 1:30:26]} 2. Nf3 {[%clk 1:31:09]} Nc6
{[%clk 1:30:15]} 3. d4 {[%clk 1:31:25]} cxd4 {[%clk 1:30:35]} 4. Nxd4
{[%clk 1:31:36]} Nf6 {[%clk 1:30:48]} 5. Nc3 {[%clk 1:31:59]} e5 {[%clk 1:30:32]}
6. Ndb5 {[%clk 1:32:19]} d6 {[%clk 1:30:30]} 7. Bg5 {[%clk 1:32:40]} a6
{[%clk 1:30:10]} 8. Na3 {[%clk 1:33:02]} b5 {[%clk 1:30:14]} 9. Bxf6
{[%clk 1:33:22]} gxf6 {[%clk 1:29:42]} 10. Nd5 {[%clk 1:33:41]} Bg7
{[%clk 1:28:48]} 11. Bd3 {[%clk 1:33:50]} Ne7 {[%clk 1:27:23]} 12. Nxe7
{[%clk 1:34:06]} Qxe7 {[%clk 1:27:29]} 13. O-O {[%clk 1:34:29]} O-O
{[%clk 1:26:30]} 14. c3 {[%clk 1:34:23]} f5 {[%clk 1:25:12]} 15. Nc2
{[%clk 1:34:35]} d5 {[%clk 1:20:39]} 16. exf5 {[%clk 1:34:44]} Bb7
{[%clk 1:13:35]} 17. a4 {[%clk 1:20:11]} b4 {[%clk 1:02:54]} 18. Nxb4
{[%clk 1:19:53]} e4 {[%clk 1:02:19]} 19. Bb1 {[%clk 1:10:42]} d4 {[%clk 0:59:20]}
20. Nc2 {[%clk 1:10:59]} e3 {[%clk 0:52:44]} 21. Nxd4 {[%clk 1:08:16]} Bxd4
{[%clk 0:48:49]} 22. Qxd4 {[%clk 1:06:48]} Qg5 {[%clk 0:44:59]} 23. Be4
{[%clk 1:06:56]} Rad8 {[%clk 0:40:40]} 24. Qb4 {[%clk 1:07:03]} Bxe4
{[%clk 0:39:48]} 25. Qxe4 {[%clk 1:07:22]} Rfe8 {[%clk 0:39:12]} 26. Qf3
{[%clk 1:05:40]} Rd2 {[%clk 0:35:30]} 27. fxe3 {[%clk 1:00:16]} Rxe3
{[%clk 0:31:42]} 28. Qa8+ {[%clk 1:00:19]} Rd8 {[%clk 0:31:06]} 29. Qxa6
{[%clk 1:00:25]} Rde8 {[%clk 0:29:48]} 30. Qd6 {[%clk 0:49:43]} h5
{[%clk 0:24:59]} 31. Qf4 {[%clk 0:44:57]} Qf6 {[%clk 0:23:48]} 32. Rad1
{[%clk 0:44:35]} R8e4 {[%clk 0:22:58]} 33. Rd6 {[%clk 0:42:57]} Qe7
{[%clk 0:22:15]} 34. f6 {[%clk 0:43:13]} 1-0

[Event "Praha"]
[Site "?"]
[Date "2023.01.10"]
[Round "6.5"]
[White "Sorm, Daniel"]
[Black "Garsky, Vladyslav"]
[Result "1-0"]
[BlackElo "2169"]
[WhiteElo "2302"]
[LiveChessVersion "1.4.8"]

1. c4 {[%clk 1:30:02]} Nf6 {[%clk 1:28:08]} 2. d4 {[%clk 1:29:59]} e6
{[%clk 1:27:49]} 3. Nc3 {[%clk 1:30:08]} d5 {[%clk 1:27:49]} 4. cxd5
{[%clk 1:30:26]} exd5 {[%clk 1:27:41]} 5. Bg5 {[%clk 1:30:48]} c6
{[%clk 1:24:32]} 6. e3 {[%clk 1:30:45]} Be7 {[%clk 1:19:35]} 7. Bd3
{[%clk 1:27:33]} O-O {[%clk 1:19:28]} 8. Nge2 {[%clk 1:27:36]} Re8
{[%clk 1:14:18]} 9. O-O {[%clk 1:18:41]} Nbd7 {[%clk 1:14:20]} 10. f3
{[%clk 1:18:14]} c5 {[%clk 1:04:39]} 11. dxc5 {[%clk 1:10:08]} Nxc5
{[%clk 1:03:13]} 12. Bb5 {[%clk 1:10:29]} Bd7 {[%clk 1:00:38]} 13. Bxf6
{[%clk 1:05:55]} Bxf6 {[%clk 0:56:25]} 14. Bxd7 {[%clk 1:05:58]} Qxd7
{[%clk 0:52:41]} 15. Qxd5 {[%clk 0:54:36]} Qxd5 {[%clk 0:49:09]} 16. Nxd5
{[%clk 0:54:57]} Bxb2 {[%clk 0:49:06]} 17. Rab1 {[%clk 0:51:33]} Rad8
{[%clk 0:44:03]} 18. Rfd1 {[%clk 0:48:47]} Be5 {[%clk 0:44:01]} 19. e4
{[%clk 0:46:54]} f6 {[%clk 0:38:26]} 20. Nd4 {[%clk 0:42:51]} Kf7
{[%clk 0:28:20]} 21. Nb3 {[%clk 0:40:21]} Nxb3 {[%clk 0:23:10]} 22. Rxb3
{[%clk 0:40:30]} b6 {[%clk 0:23:35]} 23. Rbd3 {[%clk 0:38:23]} Rc8
{[%clk 0:19:30]} 24. Ne3 {[%clk 0:33:50]} Rc7 {[%clk 0:17:42]} 25. g3
{[%clk 0:28:58]} Rc3 {[%clk 0:10:17]} 26. Rxc3 {[%clk 0:23:29]} Bxc3
{[%clk 0:10:35]} 27. Rd7+ {[%clk 0:16:42]} Ke6 {[%clk 0:10:52]} 28. Rxa7
{[%clk 0:16:06]} Bd4 {[%clk 0:09:57]} 29. Kf2 {[%clk 0:16:29]} Rc8
{[%clk 0:05:47]} 30. Ke2 {[%clk 0:16:45]} g6 {[%clk 0:03:51]} 31. Nd5
{[%clk 0:13:28]} Bg1 {[%clk 0:03:17]} 32. Rc7 {[%clk 0:05:55]} Rxc7
{[%clk 0:02:53]} 33. Nxc7+ {[%clk 0:06:21]} Kd6 {[%clk 0:03:19]} 34. Nd5
{[%clk 0:06:35]} f5 {[%clk 0:03:18]} 35. h3 {[%clk 0:05:15]} Ke5 {[%clk 0:03:09]}
36. Kd3 {[%clk 0:05:05]} fxe4+ {[%clk 0:03:35]} 37. fxe4 {[%clk 0:05:32]} g5
{[%clk 0:03:33]} 38. Ne3 {[%clk 0:03:24]} b5 {[%clk 0:01:53]} 39. Nf5
{[%clk 0:01:14]} Bc5 {[%clk 0:00:49]} 40. Nh6 {[%clk 0:00:53]} Bg1
{[%clk 0:00:45]} 41. Nf7+ {[%clk 0:00:34]} Kf6 {[%clk 0:00:36]} 42. Nd6
{[%clk 0:26:46]} Bh2 {[%clk 0:21:27]} 43. Nxb5 {[%clk 0:16:59]} Bxg3
{[%clk 0:21:32]} 44. a4 {[%clk 0:17:24]} Be1 {[%clk 0:18:19]} 45. Nc3
{[%clk 0:14:28]} h5 {[%clk 0:15:52]} 46. a5 {[%clk 0:14:43]} Ke5 {[%clk 0:14:41]}
47. a6 {[%clk 0:14:14]} Bf2 {[%clk 0:15:07]} 48. Ke2 {[%clk 0:11:07]} Bc5
{[%clk 0:08:49]} 49. Kf3 {[%clk 0:11:02]} Kd6 {[%clk 0:08:55]} 50. Nb5+
{[%clk 0:08:58]} Ke5 {[%clk 0:09:17]} 51. Kg3 {[%clk 0:07:51]} Kxe4
{[%clk 0:06:35]} 52. a7 {[%clk 0:08:08]} Bxa7 {[%clk 0:06:55]} 53. Nxa7
{[%clk 0:08:32]} Kf5 {[%clk 0:07:04]} 54. Nb5 {[%clk 0:06:02]} h4+
{[%clk 0:07:28]} 55. Kf3 {[%clk 0:06:27]} g4+ {[%clk 0:07:53]} 56. hxg4+
{[%clk 0:06:52]} Kg5 {[%clk 0:08:20]} 57. Nc3 {[%clk 0:06:28]} h3
{[%clk 0:08:38]} 58. Kg3 {[%clk 0:06:16]} 1-0

[Event "Praha"]
[Site "?"]
[Date "2023.01.10"]
[Round "6.6"]
[White "Tobak, Mikhail"]
[Black "Smolik, Jachym"]
[Result "1-0"]
[BlackElo "2167"]
[WhiteElo "2297"]
[LiveChessVersion "1.4.8"]

1. e4 {[%clk 1:30:56]} c6 {[%clk 1:30:58]} 2. Nc3 {[%clk 1:31:20]} d5
{[%clk 1:31:23]} 3. Nf3 {[%clk 1:31:38]} dxe4 {[%clk 1:30:50]} 4. Nxe4
{[%clk 1:32:02]} Nf6 {[%clk 1:31:16]} 5. Ng3 {[%clk 1:32:25]} h5 {[%clk 1:29:10]}
6. h3 {[%clk 1:32:42]} h4 {[%clk 1:25:46]} 7. Ne2 {[%clk 1:33:07]} Bf5
{[%clk 1:15:02]} 8. d4 {[%clk 1:32:33]} c5 {[%clk 1:14:27]} 9. c3
{[%clk 1:27:48]} e6 {[%clk 1:12:47]} 10. Bg5 {[%clk 1:18:59]} Be4
{[%clk 0:58:32]} 11. dxc5 {[%clk 1:05:20]} Qxd1+ {[%clk 0:56:49]} 12. Rxd1
{[%clk 1:05:44]} Bxf3 {[%clk 0:56:47]} 13. gxf3 {[%clk 1:06:03]} Bxc5
{[%clk 0:55:56]} 14. Nf4 {[%clk 0:57:22]} Nc6 {[%clk 0:51:56]} 15. Ng2
{[%clk 0:53:52]} Nd5 {[%clk 0:43:51]} 16. Bxh4 {[%clk 0:51:48]} Ne5
{[%clk 0:43:21]} 17. Bb5+ {[%clk 0:51:13]} Kf8 {[%clk 0:43:45]} 18. Be2
{[%clk 0:47:01]} Rxh4 {[%clk 0:40:35]} 19. Nxh4 {[%clk 0:46:29]} Nf4
{[%clk 0:40:56]} 20. Kf1 {[%clk 0:46:11]} g5 {[%clk 0:38:37]} 21. Ng2
{[%clk 0:46:28]} Ke7 {[%clk 0:36:41]} 22. h4 {[%clk 0:43:56]} Rh8
{[%clk 0:36:03]} 23. Nxf4 {[%clk 0:44:04]} gxf4 {[%clk 0:36:32]} 24. h5
{[%clk 0:44:14]} Rh6 {[%clk 0:35:47]} 25. Rh4 {[%clk 0:37:29]} f5
{[%clk 0:31:20]} 26. b4 {[%clk 0:37:08]} Bd6 {[%clk 0:29:09]} 27. Rxf4
{[%clk 0:36:29]} Rxh5 {[%clk 0:28:10]} 28. Rfd4 {[%clk 0:36:14]} Bc7
{[%clk 0:23:07]} 29. f4 {[%clk 0:34:27]} Rh1+ {[%clk 0:23:34]} 30. Kg2
{[%clk 0:34:53]} Rxd1 {[%clk 0:24:00]} 31. Bxd1 {[%clk 0:34:50]} Ng6
{[%clk 0:24:12]} 32. Kf3 {[%clk 0:30:30]} Bb6 {[%clk 0:23:45]} 33. Rd2
{[%clk 0:29:47]} Bc7 {[%clk 0:24:06]} 34. Ba4 {[%clk 0:30:06]} Bd6
{[%clk 0:22:02]} 35. Rd4 {[%clk 0:23:28]} a6 {[%clk 0:22:16]} 36. a3
{[%clk 0:18:41]} b5 {[%clk 0:22:01]} 37. Bd1 {[%clk 0:16:42]} Bb8
{[%clk 0:20:56]} 38. c4 e5 {[%clk 0:20:13]} 39. fxe5 {[%clk 0:12:05]} Nxe5+
{[%clk 0:20:37]} 40. Kg2 {[%clk 0:05:05]} Nxc4 {[%clk 0:20:15]} 41. Rd3
{[%clk 0:00:34]} Be5 {[%clk 0:13:46]} 42. Be2 {[%clk 0:30:07]} Ke6
{[%clk 0:39:37]} 43. Rh3 {[%clk 0:29:04]} Nd6 {[%clk 0:37:18]} 44. Kf1
{[%clk 0:24:01]} Bd4 {[%clk 0:36:37]} 45. Ke1 {[%clk 0:22:40]} Ke5
{[%clk 0:36:21]} 46. Rb3 {[%clk 0:20:52]} Ne4 {[%clk 0:34:41]} 47. f3
{[%clk 0:20:18]} Nc3 {[%clk 0:31:49]} 48. Kd2 {[%clk 0:18:27]} Nd5
{[%clk 0:31:12]} 49. Rb1 {[%clk 0:17:25]} f4 {[%clk 0:28:39]} 50. Kd3
{[%clk 0:15:55]} Be3 {[%clk 0:27:01]} 51. Rh1 {[%clk 0:14:09]} Nf6
{[%clk 0:26:29]} 52. Kc3 {[%clk 0:13:03]} Bd4+ {[%clk 0:24:22]} 53. Kb3
{[%clk 0:13:06]} Nd5 {[%clk 0:22:35]} 54. Rh6 {[%clk 0:12:22]} Bb6
{[%clk 0:20:45]} 55. Bd3 {[%clk 0:11:56]} a5 {[%clk 0:20:36]} 56. Bxb5
{[%clk 0:09:34]} axb4 {[%clk 0:20:58]} 57. axb4 {[%clk 0:08:18]} 1-0

[Event "Praha"]
[Site "?"]
[Date "2023.01.10"]
[Round "6.7"]
[White "Schneider, Jana"]
[Black "Wiley, Tom E"]
[Result "1-0"]
[BlackElo "2131"]
[WhiteElo "2263"]
[LiveChessVersion "1.4.8"]

1. e4 {[%clk 1:30:56]} e6 {[%clk 1:30:56]} 2. d4 {[%clk 1:31:15]} d5
{[%clk 1:31:21]} 3. e5 {[%clk 1:31:39]} c5 {[%clk 1:31:40]} 4. c3
{[%clk 1:32:01]} Nc6 {[%clk 1:32:04]} 5. Nf3 {[%clk 1:32:24]} Nh6
{[%clk 1:32:28]} 6. Bxh6 {[%clk 1:29:16]} gxh6 {[%clk 1:32:22]} 7. Bb5
{[%clk 1:29:28]} Qb6 {[%clk 1:26:07]} 8. Qe2 {[%clk 1:28:18]} cxd4
{[%clk 1:21:51]} 9. cxd4 {[%clk 1:27:13]} Bd7 {[%clk 1:21:39]} 10. O-O
{[%clk 1:26:14]} Bg7 {[%clk 1:19:22]} 11. Nc3 {[%clk 1:20:31]} a6
{[%clk 1:15:52]} 12. Bxc6 {[%clk 1:18:43]} Bxc6 {[%clk 1:16:13]} 13. a4
{[%clk 1:16:40]} a5 {[%clk 1:15:29]} 14. Rfc1 {[%clk 1:08:53]} O-O
{[%clk 1:14:54]} 15. Nd1 {[%clk 1:01:31]} Qb4 {[%clk 1:10:40]} 16. Ne3
{[%clk 0:57:51]} Qe7 {[%clk 1:03:23]} 17. Ra3 {[%clk 0:54:09]} Kh8
{[%clk 0:58:28]} 18. Nf1 {[%clk 0:48:43]} Qd7 {[%clk 0:40:26]} 19. Ne3
{[%clk 0:34:55]} Qe7 {[%clk 0:24:52]} 20. Qd1 {[%clk 0:34:40]} Rg8
{[%clk 0:23:17]} 21. Ng4 {[%clk 0:29:26]} Bf8 {[%clk 0:14:11]} 22. Nf6
{[%clk 0:28:21]} Rg6 {[%clk 0:14:35]} 23. Nh4 {[%clk 0:27:30]} Rxf6
{[%clk 0:14:11]} 24. exf6 {[%clk 0:27:52]} Qxf6 {[%clk 0:14:37]} 25. Rh3
{[%clk 0:27:06]} Bg7 {[%clk 0:12:20]} 26. Nf3 {[%clk 0:26:52]} Qf4
{[%clk 0:12:31]} 27. Rh4 {[%clk 0:23:51]} Qf5 {[%clk 0:08:10]} 28. b3
{[%clk 0:18:35]} Rg8 {[%clk 0:08:20]} 29. Ne1 {[%clk 0:18:05]} Bf8
{[%clk 0:05:36]} 30. Qd2 {[%clk 0:16:03]} Qg6 {[%clk 0:02:00]} 31. Qf4
{[%clk 0:14:31]} Be7 {[%clk 0:01:01]} 32. Rxh6 {[%clk 0:08:44]} Qg5
{[%clk 0:01:13]} 33. Qe3 {[%clk 0:08:23]} Qxe3 {[%clk 0:01:32]} 34. fxe3
{[%clk 0:08:48]} Rg6 {[%clk 0:00:42]} 35. Rxg6 {[%clk 0:08:51]} hxg6
{[%clk 0:01:08]} 36. Nd3 {[%clk 0:08:27]} f6 {[%clk 0:01:30]} 37. Nf4
{[%clk 0:08:30]} 1-0

[Event "Praha"]
[Site "?"]
[Date "2023.01.10"]
[Round "6.8"]
[White "Hanl, Frantisek"]
[Black "Ochedzan, Tymon"]
[Result "0-1"]
[BlackElo "2236"]
[WhiteElo "2148"]
[LiveChessVersion "1.4.8"]

1. e4 {[%clk 1:30:57]} c5 {[%clk 1:30:56]} 2. Nf3 {[%clk 1:31:22]} d6
{[%clk 1:31:21]} 3. d4 {[%clk 1:31:48]} cxd4 {[%clk 1:31:48]} 4. Nxd4
{[%clk 1:32:12]} Nf6 {[%clk 1:32:12]} 5. Nc3 {[%clk 1:32:36]} a6 {[%clk 1:32:33]}
6. Be2 {[%clk 1:30:48]} e5 {[%clk 1:32:56]} 7. Nb3 {[%clk 1:31:12]} Be7
{[%clk 1:33:19]} 8. O-O {[%clk 1:31:17]} O-O {[%clk 1:33:41]} 9. Kh1
{[%clk 1:29:34]} Nc6 {[%clk 1:28:55]} 10. a4 {[%clk 1:14:23]} Qc7
{[%clk 1:24:27]} 11. Bg5 {[%clk 1:13:21]} Be6 {[%clk 1:15:39]} 12. f4
{[%clk 1:10:50]} Nb4 {[%clk 1:10:16]} 13. Qd2 {[%clk 0:52:53]} Rfd8
{[%clk 1:07:06]} 14. Bf3 {[%clk 0:37:17]} d5 {[%clk 0:58:19]} 15. Bxf6
{[%clk 0:30:33]} dxe4 {[%clk 0:58:03]} 16. Qf2 {[%clk 0:26:12]} exf3
{[%clk 0:56:52]} 17. Bxe5 {[%clk 0:25:40]} Bd6 {[%clk 0:53:51]} 18. Bxd6
{[%clk 0:24:58]} Qxd6 {[%clk 0:46:34]} 19. Qxf3 {[%clk 0:24:24]} Nxc2
{[%clk 0:46:20]} 20. Rad1 {[%clk 0:24:37]} Qb6 {[%clk 0:43:43]} 21. Nd2
{[%clk 0:21:19]} Ne3 {[%clk 0:40:43]} 22. a5 {[%clk 0:21:28]} Qa7
{[%clk 0:40:04]} 23. Nde4 {[%clk 0:18:04]} Rxd1 {[%clk 0:34:26]} 24. Rxd1
{[%clk 0:16:14]} Nxd1 {[%clk 0:29:35]} 25. Nxd1 {[%clk 0:14:40]} Qd4
{[%clk 0:28:34]} 26. Ne3 {[%clk 0:14:13]} Re8 {[%clk 0:27:26]} 27. Nc3
{[%clk 0:13:24]} Bc4 {[%clk 0:24:47]} 28. Ncd1 {[%clk 0:10:02]} Bb3
{[%clk 0:24:30]} 0-1

[Event "Praha"]
[Site "?"]
[Date "2023.01.10"]
[Round "6.9"]
[White "Dudek, Vojtech"]
[Black "Unneland, Mathias"]
[Result "1/2-1/2"]
[BlackElo "2217"]
[WhiteElo "2134"]
[LiveChessVersion "1.4.8"]

1. e4 {[%clk 1:30:56]} c5 {[%clk 1:29:37]} 2. Nf3 {[%clk 1:31:12]} d6
{[%clk 1:29:24]} 3. d4 {[%clk 1:30:48]} cxd4 {[%clk 1:29:34]} 4. Qxd4
{[%clk 1:30:52]} Nf6 {[%clk 1:28:43]} 5. Bg5 {[%clk 1:30:53]} Nc6
{[%clk 1:28:27]} 6. Bb5 {[%clk 1:30:48]} Bd7 {[%clk 1:27:33]} 7. Bxc6
{[%clk 1:30:59]} Bxc6 {[%clk 1:27:29]} 8. Nc3 {[%clk 1:31:07]} e6
{[%clk 1:26:07]} 9. O-O-O {[%clk 1:30:02]} Be7 {[%clk 1:25:35]} 10. Qd3
{[%clk 1:27:20]} Qa5 {[%clk 1:19:19]} 11. h4 {[%clk 1:25:07]} h6 {[%clk 1:13:23]}
12. Bd2 {[%clk 1:24:55]} e5 {[%clk 1:11:24]} 13. Kb1 {[%clk 1:18:34]} Qa6
{[%clk 1:03:56]} 14. Qxa6 {[%clk 1:17:21]} bxa6 {[%clk 1:04:19]} 15. Rhe1
{[%clk 1:16:26]} Ng4 {[%clk 1:02:31]} 16. Be3 {[%clk 0:47:25]} f5
{[%clk 1:00:21]} 17. exf5 {[%clk 0:45:40]} O-O {[%clk 1:00:29]} 18. Nd5
{[%clk 0:44:36]} Bd8 {[%clk 0:59:49]} 19. f6 {[%clk 0:31:15]} Nxf6
{[%clk 0:45:24]} 20. Nxf6+ {[%clk 0:27:05]} Rxf6 {[%clk 0:45:26]} 21. Nh2
{[%clk 0:27:15]} Bxg2 {[%clk 0:37:01]} 22. Rg1 {[%clk 0:26:56]} Be4
{[%clk 0:35:22]} 23. Ng4 {[%clk 0:24:48]} Rg6 {[%clk 0:31:36]} 24. h5
{[%clk 0:17:18]} Rxg4 {[%clk 0:31:35]} 25. Rxg4 {[%clk 0:17:46]} Bf3
{[%clk 0:31:55]} 26. Rdg1 {[%clk 0:18:10]} Bxg4 {[%clk 0:32:18]} 27. Rxg4
{[%clk 0:18:34]} Kf7 {[%clk 0:29:27]} 28. Rb4 {[%clk 0:12:44]} Rc8
{[%clk 0:15:29]} 29. Bxa7 {[%clk 0:10:42]} g6 {[%clk 0:15:00]} 30. hxg6+
{[%clk 0:05:06]} Kxg6 {[%clk 0:15:23]} 31. Kc1 {[%clk 0:01:08]} h5
{[%clk 0:15:19]} 32. Kd1 {[%clk 0:01:27]} Kf5 {[%clk 0:13:57]} 33. c3
{[%clk 0:00:52]} a5 {[%clk 0:07:28]} 34. Rb7 {[%clk 0:00:33]} Bc7
{[%clk 0:07:32]} 35. Ke2 {[%clk 0:00:45]} h4 {[%clk 0:07:03]} 36. Kf1
{[%clk 0:00:38]} h3 {[%clk 0:06:45]} 37. Kg1 {[%clk 0:00:52]} d5 {[%clk 0:05:20]}
38. Bb6 {[%clk 0:00:37]} Bxb6 {[%clk 0:03:40]} 39. Rxb6 {[%clk 0:01:05]} d4
{[%clk 0:03:19]} 40. Rd6 {[%clk 0:00:35]} dxc3 {[%clk 0:01:14]} 41. bxc3
{[%clk 0:30:04]} Rxc3 {[%clk 0:31:27]} 42. Rd2 {[%clk 0:17:33]} a4
{[%clk 0:30:44]} 43. Kh2 {[%clk 0:17:14]} a3 {[%clk 0:30:21]} 44. Re2
{[%clk 0:15:26]} Kf4 {[%clk 0:30:26]} 45. Rd2 {[%clk 0:15:26]} e4
{[%clk 0:28:25]} 46. Rd8 {[%clk 0:11:04]} Kf3 {[%clk 0:27:11]} 47. Rf8+
{[%clk 0:09:23]} Ke2 {[%clk 0:27:09]} 48. Rf4 {[%clk 0:08:35]} Rf3
{[%clk 0:19:54]} 49. Rxe4+ {[%clk 0:08:17]} Kxf2 {[%clk 0:20:16]} 50. Re8
{[%clk 0:05:48]} Re3 {[%clk 0:20:38]} 51. Rb8 {[%clk 0:04:38]} Ke2
{[%clk 0:20:56]} 52. Rb7 {[%clk 0:04:32]} Kd2 {[%clk 0:21:20]} 53. Rb6
{[%clk 0:04:37]} Kc1 {[%clk 0:21:26]} 54. Rb8 {[%clk 0:04:39]} Rc3
{[%clk 0:21:38]} 55. Rb7 {[%clk 0:04:09]} Rc2+ {[%clk 0:21:28]} 56. Kxh3
{[%clk 0:04:33]} Rxa2 {[%clk 0:21:42]} 57. Rb3 {[%clk 0:02:45]} Ra1
{[%clk 0:20:46]} 58. Rg3 {[%clk 0:00:52]} Kd2 {[%clk 0:19:34]} 59. Kh2
{[%clk 0:00:54]} Ke2 {[%clk 0:18:39]} 60. Rg2+ {[%clk 0:01:08]} Kf3
{[%clk 0:18:32]} 61. Rg3+ {[%clk 0:01:28]} Kf4 {[%clk 0:18:48]} 62. Rb3
{[%clk 0:01:35]} Ke4 {[%clk 0:17:42]} 63. Rg3 {[%clk 0:01:32]} Kf4
{[%clk 0:15:19]} 64. Rb3 {[%clk 0:01:50]} Ra2+ {[%clk 0:15:33]} 65. Kh1
{[%clk 0:02:11]} Ke4 {[%clk 0:15:33]} 66. Rg3 {[%clk 0:02:23]} Kd4
{[%clk 0:15:32]} 67. Rg4+ {[%clk 0:02:38]} Kc5 {[%clk 0:14:53]} 68. Rg5+
{[%clk 0:03:00]} Kd4 {[%clk 0:14:48]} 69. Rg4+ {[%clk 0:03:18]} Ke5
{[%clk 0:14:55]} 70. Rg3 {[%clk 0:03:31]} Kf4 {[%clk 0:15:02]} 71. Rb3 Ke5
1/2-1/2

[Event "Praha"]
[Site "?"]
[Date "2023.01.10"]
[Round "6.10"]
[White "Hak, David"]
[Black "Soural, Jan"]
[Result "1-0"]
[BlackElo "2206"]
[WhiteElo "2095"]
[LiveChessVersion "1.4.8"]

1. d4 {[%clk 1:30:58]} Nf6 {[%clk 1:30:54]} 2. c4 {[%clk 1:31:16]} g6
{[%clk 1:31:10]} 3. Nc3 {[%clk 1:31:42]} d5 {[%clk 1:31:29]} 4. cxd5
{[%clk 1:32:06]} Nxd5 {[%clk 1:31:52]} 5. e4 {[%clk 1:32:32]} Nxc3
{[%clk 1:32:11]} 6. bxc3 {[%clk 1:32:58]} Bg7 {[%clk 1:32:33]} 7. Bc4
{[%clk 1:33:21]} c5 {[%clk 1:31:52]} 8. Ne2 {[%clk 1:33:43]} O-O {[%clk 1:30:16]}
9. O-O {[%clk 1:33:38]} Nc6 {[%clk 1:29:00]} 10. Be3 {[%clk 1:34:02]} Bg4
{[%clk 1:24:59]} 11. f3 {[%clk 1:33:19]} Na5 {[%clk 1:25:16]} 12. Bd3
{[%clk 1:33:34]} cxd4 {[%clk 1:25:35]} 13. cxd4 {[%clk 1:33:48]} Be6
{[%clk 1:24:57]} 14. Qa4 {[%clk 1:34:16]} a6 {[%clk 1:17:39]} 15. d5
{[%clk 1:34:33]} b5 {[%clk 1:16:09]} 16. Qb4 {[%clk 1:21:51]} Bd7
{[%clk 1:07:53]} 17. Rac1 {[%clk 1:09:01]} e6 {[%clk 1:05:43]} 18. dxe6
{[%clk 0:55:02]} Bxe6 {[%clk 0:55:44]} 19. Rfd1 {[%clk 0:55:14]} Rc8
{[%clk 0:55:39]} 20. Bc5 {[%clk 0:50:35]} Nc6 {[%clk 0:49:25]} 21. Qa3
{[%clk 0:47:05]} Nd4 {[%clk 0:27:43]} 22. Bxf8 {[%clk 0:40:23]} Nxe2+
{[%clk 0:18:26]} 23. Bxe2 {[%clk 0:40:39]} Rxc1 {[%clk 0:18:49]} 24. Qxc1
{[%clk 0:39:26]} Qxf8 {[%clk 0:19:13]} 25. Qg5 {[%clk 0:20:04]} Qb4
{[%clk 0:11:59]} 26. Rd8+ {[%clk 0:17:40]} Bf8 {[%clk 0:12:24]} 27. h4
{[%clk 0:16:26]} h5 {[%clk 0:07:46]} 28. Qd2 {[%clk 0:07:55]} Qc5+
{[%clk 0:06:49]} 29. Kh2 {[%clk 0:07:03]} Kh7 {[%clk 0:06:35]} 30. Bd1
{[%clk 0:01:35]} Be7 {[%clk 0:04:34]} 31. Rd3 {[%clk 0:00:57]} Bxh4
{[%clk 0:01:50]} 32. Bb3 {[%clk 0:01:26]} Qe5+ {[%clk 0:01:54]} 33. Kh1
{[%clk 0:01:11]} Qg3 {[%clk 0:00:40]} 34. Bxe6 {[%clk 0:01:16]} Bg5
{[%clk 0:01:09]} 35. f4 {[%clk 0:01:01]} 1-0